| 000 | 00698nam a2200193Ia 4500 | ||
|---|---|---|---|
| 003 | IN-BaIIA | ||
| 008 | 211028s9999 xx 000 0 eng d | ||
| 040 | _cIIA Library | ||
| 080 |
_a082.2:52 _bIAU-C32 |
||
| 100 |
_aWeiss, W. W. _99395 |
||
| 245 | 0 |
_aPhysics of Ap-Stars _bvol. 1, gear classification, materials, and measuring methods for unassembled gears _cWeiss, Werner W., Helmut Jenker and H.John Wood: |
|
| 260 |
_aVienna _bUniversitatssternwarte Wien MIT Figl-Observatorium Fur Astro _c1975 |
||
| 300 | _a[various pagings.] | ||
| 650 |
_aAP stars _99396 |
||
| 650 | _aAstronomy and astrophysics thesaurus | ||
| 700 |
_aJenkner, Helmut _99397 |
||
| 700 |
_aWood, H. John _99398 |
||
| 942 | _cBK | ||
| 999 |
_c5403 _d5403 |
||